Statystyki dla Polska na MŚ 2002

Kliknij tutaj aby rozwiązać quiz!

Ogólne statystyki

  • Ten quiz został rozwiązany 143 razy
  • Średni wynik to 15 z 24

Statystyki odpowiedzi

HintAnswer Mouscron% Poprawnych
1FC LiverpoolJerzy Dudek
99%
11Panathinaikos AtenyEmmanuel Olisadebe
90%
6Schalke 04 GelsenkirchenTomasz Hajto
90%
14Excelsior MouscronMarcin Żewłakow
79%
4Excelsior MouscronMichał Żewłakow
79%
19Wisła KrakówMaciej Żurawski
78%
18NorymbergaJacek Krzynówek
76%
TrenerJerzy Engel
76%
17Widzew ŁódźArkadiusz Bąk
69%
20LensJacek Bąk
69%
15Schalke 04 GelsenkirchenTomasz Wałdoch
69%
7Olympique MarsyliaPiotr Świerczewski
66%
9Eintracht FrankfurtPaweł Kryszałowicz
63%
12GoztepeRadosław Majdan
60%
10Energie CottbusRadosław Kałużny
56%
2KaiserslauternTomasz Kłos
52%
5Feyenoord RotterdamTomasz Rząsa
50%
13Wisła KrakówArkadiusz Głowacki
47%
22RKS RadomskoAdam Matysek
45%
3Legia WarszawaJacek Zieliński
44%
21AnconaMarek Koźmiński
42%
23Odra Wodzisław ŚląskiPaweł Sibik
41%
8Legia WarszawaCezary Kucharski
37%
16Legia WarszawaMaciej Murawski
27%

Rozkład punktacji

Percentyl według liczby udzielonych odpowiedzi

Procent ludzi z każdym wynikiem

Twoja historia wyników

Nie rozwiązałeś tego quizu